| 000 | 00727nam a2200193 a 4500 | ||
|---|---|---|---|
| 001 | 000041503 | ||
| 005 | 20201002034940.0 | ||
| 008 | 131009s1990 sp 000 0 spa d | ||
| 020 | _a840007047X | ||
| 040 |
_aDO-SdBNP _bspa _cBNPHU |
||
| 041 | 1 | 7 |
_aspa _bar. |
| 100 | 1 |
_aZanón, Jesús _968207 |
|
| 245 | 1 | 0 |
_aíndice analítico de materiales para el estudio de la toponimia Hispanoárabe : _bnomina fluvial de Elías Terés / _cJesús Zanón. |
| 260 |
_aGranada : _bConsejo Superior de Investigaciones Científicas., _c1990. |
||
| 300 |
_a165 p. ; _c25 cm. |
||
| 546 | _aTextos en español y árabe | ||
| 700 | 1 |
_aTerés Sádaba, Elías, _d1915-1983. _968208 |
|
| 710 | 2 |
_aConsejo Superior de Investigaciones Científicas. _94786 |
|
| 999 |
_c40993 _d40993 |
||